Les 8 derniers pays ayant gagné la coupe du monde de rugby - Statistiques

Statistiques générales
  • Ce quiz a été pris 325 fois
  • Le résultat moyen est 8 sur 8
Statistiques - réponses
date pays % Correct
2015 Nouvelle-Zélande
99%
2011 Nouvelle-Zélande
99%
1987 Nouvelle-Zélande
99%
2003 Angleterre
98%
2007 Afrique du Sud
97%
1995 Afrique du Sud
97%
1999 Australie
97%
1991 Australie
97%
Aucun quiz correspondant
Distribution des résultats
% des personnes avec chaque résultat
Percentile par nombre de réponses
Votre historique - résultats
Vous n’avez pas pris ce quiz